MANY LIVES MANY MASTERS (Record no. 377425)

MARC details
000 -LEADER
fixed length control field 00412nam a2200169Ia 4500
008 - FIXED-LENGTH DATA ELEMENTS--GENERAL INFORMATION
fixed length control field 100122s9999 xx 000 0 und d
082 ## - DEWEY DECIMAL CLASSIFICATION NUMBER
Item number 59078
Classification number 133.9
100 ## - MAIN ENTRY--PERSONAL NAME
Personal name WEISS BRIAN
245 ## - TITLE STATEMENT
Title MANY LIVES MANY MASTERS
260 ## - PUBLICATION, DISTRIBUTION, ETC. (IMPRINT)
Name of publisher, distributor, etc FIRE SIDE
Date of publication, distribution, etc 1988
300 ## - PHYSICAL DESCRIPTION
Extent 219
520 ## - SUMMARY, ETC.
Summary, etc PAST LIFE
620 ## -
-- PAST LIFE
630 ## - SUBJECT ADDED ENTRY--UNIFORM TITLE
Uniform title MANY LIVES MANY MASTERS
730 ## - ADDED ENTRY--UNIFORM TITLE
Uniform title MANY LIVES MANY MASTERS
942 ## - ADDED ENTRY ELEMENTS (KOHA)
Koha item type Book
Holdings
Withdrawn status Lost status Damaged status Not for loan Home library Current library Date acquired Cost, normal purchase price Total Checkouts Full call number Barcode Date last seen Cost, replacement price Price effective from Koha item type Public note
        S.V. Pathak Library, Vile Parle S.V. Pathak Library, Vile Parle 12/30/2000 100.00   59078 SVPPARLE-59078 01/25/2010 100.00 01/25/2010 Book ", , General, NA"